[Event "Paracin Winter op"]
[Site "Paracin"]
[Date "2018.02.04"]
[Round "8"]
[White "Tomic, Miroslav T"]
[Black "Ivanov, Igor2222"]
[Result "1-0"]
[WhiteElo "1792"]
[BlackElo "1840"]
[PlyCount "51"]
[EventDate "2018.01.30"]
[EventType "swiss"]
[EventRounds "9"]
[EventCountry "SRB"]
[SourceTitle "CBM 182 Extra"]
[Source "ChessBase"]
[SourceDate "2018.02.23"]
[SourceVersion "1"]
[SourceVersionDate "2018.02.23"]
[SourceQuality "1"]

1. e4 c6 2. Nf3 d5 3. e5 Bg4 4. d4 e6 5. Bd3 Ne7 6. 0-0 Nd7 7. Nbd2 Bf5 8. Nb3 Bxd3 9. Qxd3 Nf5 10. Re1 Be7 11. g4 Nh4 12. Nxh4 Bxh4 13. Qh3 h5 14. Nd2 hxg4 15. Qxg4 g6 16. Nf3 Rh5 17. Bf4 Be7 18. Bg3 Qb6 19. b3 0-0-0 20. c4 Qa6 21. Rec1 Kb8 22. c5 Rdh8 23. a4 Qd3 24. b4 Qf5 25. Qxf5 exf5 26. e6+ 1-0

[Event "Paracin Winter op"]
[Site "Paracin"]
[Date "2018.02.04"]
[Round "9"]
[White "Trifunovic, Borisav"]
[Black "Tomic, Miroslav T"]
[Result "1-0"]
[WhiteElo "2110"]
[BlackElo "1792"]
[PlyCount "131"]
[EventDate "2018.01.30"]
[EventType "swiss"]
[EventRounds "9"]
[EventCountry "SRB"]
[SourceTitle "CBM 182 Extra"]
[Source "ChessBase"]
[SourceDate "2018.02.23"]
[SourceVersion "1"]
[SourceVersionDate "2018.02.23"]
[SourceQuality "1"]

1. d4 Nc6 2. d5 Ne5 3. f4 Ng6 4. e4 e5 5. dxe6 fxe6 6. Nf3 Bc5 7. Nc3 N8e7 8. Qe2 0-0 9. g3 d5 10. Na4 dxe4 11. Qxe4 Bd6 12. Be3 e5 13. fxe5 Rxf3 14. exd6 Rxe3+ 15. Qxe3 Qxd6 16. Bc4+ Kh8 17. 0-0 Bh3 18. Rf2 Qb4 19. Bb3 Nf5 20. Qc3 Qg4 21. Qf3 Qg5 22. Nc3 Bg4 23. Qe4 Bh3 24. Re1 h5 25. Kh1 Nd6 26. Qd5 Qh6 27. Qd2 Qh7 28. Be6 Bxe6 29. Rxe6 Nf8 30. Re1 Rd8 31. Qg5 Rc8 32. Qe7 Ng6 33. Qg5 Nf8 34. Nd5 Ne4 35. Rxf8+ Rxf8 36. Qe7 Nf2+ 37. Kg2 Qf5 38. Nf4 Rf7 39. Qe8+ Kh7 40. Re5 Rf8 41. Rxf5 Rxe8 42. Rxh5+ Kg8 43. Kxf2 Rd8 44. Nd3 Rf8+ 45. Kg2 Re8 46. Re5 Rd8 47. h4 b6 48. b4 Rd4 49. Kf3 Rc4 50. Re2 Rc3 51. Ke3 c5 52. bxc5 bxc5 53. Kd2 Ra3 54. Re4 Rxa2 55. Nxc5 Ra1 56. g4 Rh1 57. g5 Kf7 58. Rf4+ Kg6 59. c4 Rh3 60. Nd3 a5 61. c5 Rh2+ 62. Kc3 Ra2 63. c6 Ra3+ 64. Kc2 Ra2+ 65. Nb2 a4 66. Rxa4 1-0

[Event "Paracin Winter op"]
[Site "Paracin"]
[Date "2018.02.03"]
[Round "6"]
[White "Tomic, Miroslav T"]
[Black "Brankovan, Mario"]
[Result "1-0"]
[WhiteElo "1792"]
[BlackElo "1918"]
[PlyCount "47"]
[EventDate "2018.01.30"]
[EventType "swiss"]
[EventRounds "9"]
[EventCountry "SRB"]
[SourceTitle "CBM 182 Extra"]
[Source "ChessBase"]
[SourceDate "2018.02.23"]
[SourceVersion "1"]
[SourceVersionDate "2018.02.23"]
[SourceQuality "1"]

1. e4 e5 2. Nf3 Qe7 3. Nc3 c6 4. d4 d6 5. h3 h6 6. Bc4 Qc7 7. 0-0 Be7 8. Ne2 Nf6 9. Ng3 g5 10. Qd3 Be6 11. Bxe6 fxe6 12. dxe5 dxe5 13. Qb3 Kf7 14. Bxg5 Nbd7 15. Be3 Rhg8 16. Qd3 Nf8 17. Rad1 Ke8 18. Qd2 h5 19. h4 Rg4 20. Qd3 Rg8 21. Bg5 N8h7 22. Qb3 Ng4 23. Qxe6 Kf8 24. Rd7 1-0